000
00334 a2200109 4500
001
ART_30609
005
20260410162002.0
008
260409a
245
1
0
_a
Simulación estadística de sistemas previsionales
100
1
_a
Dieulefait, Enrique
773
0
_t
Foro económico
_g
- Año II, Nº 3 (nov. 1996)
_w
REV30369
999
_c
31413
_d
31413